Statistiken für Bundesländer (Nord nach Süd)

Klicken Sie hier um das Quiz zu spielen!

Allgemein

  • Dieses Quiz wurde 144 mal gespielt
    (136 seit der letzten Aktualisierung)
  • Das Durchschnittsergebnis liegt bei 11 aus 16

Antwortstatistiken

LageBundesland% Korrekt
NordSchleswig-Holstein
99%
Mecklenburg-Vorpommern
94%
Niedersachsen
91%
Hamburg
88%
Bremen/ Bremerhaven
87%
Brandenburg
82%
Sachsen-Anhalt
78%
Berlin
73%
Nordrhein-Westfalen
68%
Sachsen
65%
Hessen
64%
Thüringen
57%
Rheinland-Pfalz
52%
Bayern
50%
Baden-Württemberg
46%
SüdSaarland
44%

Verteilung der Resultate

Perzentil nach korrekt beantworteten Fragen

Anzahl Personen mit jedem Resultat

Ihre Resultats-Entwicklung

Sie haben dieses Quiz seit der letzten Aktualisierung nicht gespielt